Zákon o metrologii s komentářem /
Enregistré dans:
| Auteur principal: | |
|---|---|
| Format: | Livre |
| Langue: | tchèque |
| Publié: |
Praha :
Vydavatelství norem,
1992
|
| Édition: | 1.vyd. |
| Sujets: | |
| Accès en ligne: | OBSAH |
| Tags: |
Pas de tags, Soyez le premier à ajouter un tag!
|
MARC
| LEADER | 00000nam a22000003a 4500 | ||
|---|---|---|---|
| 001 | stu39380 | ||
| 005 | 20150617225702.1 | ||
| 008 | 930125s1992----cs------------------cze-d | ||
| 020 | |a 80-85111-23-3 | ||
| 040 | |a STU |b slo | ||
| 041 | 0 | |a cze | |
| 044 | |a cs | ||
| 080 | |a 389(094.5) |7 stu_us_auth*stu2403 | ||
| 100 | 1 | |a Janoš, Vilém |4 aut | |
| 245 | 1 | |a Zákon o metrologii s komentářem / |c [aut.]Vilém Janoš | |
| 250 | |a 1.vyd. | ||
| 260 | |a Praha : |b Vydavatelství norem, |c 1992 | ||
| 300 | |a 63 s | ||
| 650 | 7 | |a metrológia |2 stusub | |
| 650 | 7 | |a zákony |2 stusub | |
| 856 | 4 | |a https://sweb.mtf.stuba.sk/obsahy/zakon_o_metrologii_92 |u https://sweb.mtf.stuba.sk/obsahy/zakon_o_metrologii_92 |3 OBSAH | |
| 996 | |b 284M034451 |c M*8210-1 |l MMST |s A |a 24 |w stu39380_0001 | ||
| 996 | |b 284M047306 |c M*8210-2 |l MMKN |s A |a 24 |w stu39380_0002 | ||